<?xml version="1.0" encoding="UTF-8"?>
<record
    xmlns:xsi="http://www.w3.org/2001/XMLSchema-instance"
    xsi:schemaLocation="http://www.loc.gov/MARC21/slim http://www.loc.gov/standards/marcxml/schema/MARC21slim.xsd"
    xmlns="http://www.loc.gov/MARC21/slim">

  <leader>01065nam a22002177a 4500</leader>
  <controlfield tag="008">160924s2002        ag||||| |||| 00| 0 spa d</controlfield>
  <datafield tag="082" ind1="0" ind2="4">
    <subfield code="a">708</subfield>
    <subfield code="b">M337e</subfield>
  </datafield>
  <datafield tag="100" ind1="1" ind2=" ">
    <subfield code="a">Mar&#xED;n, Matilde.</subfield>
    <subfield code="9">5527</subfield>
  </datafield>
  <datafield tag="245" ind1="1" ind2="0">
    <subfield code="a">Escenarios /</subfield>
    <subfield code="c">Matilde Mar&#xED;n ; curadur&#xED;a por Jorge L&#xF3;pez Anaya y Victoria Verlichak.</subfield>
  </datafield>
  <datafield tag="250" ind1=" " ind2=" ">
    <subfield code="a">1a ed.</subfield>
  </datafield>
  <datafield tag="260" ind1=" " ind2=" ">
    <subfield code="a">Buenos Aires, Argentina :</subfield>
    <subfield code="b">Centro Cultural Recoleta,</subfield>
    <subfield code="c">2002.</subfield>
  </datafield>
  <datafield tag="300" ind1=" " ind2=" ">
    <subfield code="a">79 p.</subfield>
    <subfield code="b">il. col.</subfield>
  </datafield>
  <datafield tag="500" ind1=" " ind2=" ">
    <subfield code="a">Cat&#xE1;logo publicado con motivo a la exposici&#xF3;n "Escenarios" presentada del 31  de octubre al 24 de noviembre de 2002, en Centro Cultural Recoleta.</subfield>
  </datafield>
  <datafield tag="505" ind1="0" ind2=" ">
    <subfield code="t">Matilde Mar&#xED;n, Fragmentos, mitos y huellas</subfield>
    <subfield code="r">Jorge L&#xF3;pez Anaya.</subfield>
    <subfield code="t">El estremecimiento de la poes&#xED;a</subfield>
    <subfield code="r">Victoria Verlichak.</subfield>
    <subfield code="t">Por una nueva sensibilidad, Teresa Macr&#xED;, un di&#xE1;logo con Matilde Mar&#xED;n.</subfield>
    <subfield code="t">Juego de manos </subfield>
    <subfield code="r">Irma Arestiz&#xE1;bal.</subfield>
  </datafield>
  <datafield tag="653" ind1="1" ind2="0">
    <subfield code="a">Arte contempor&#xE1;neo</subfield>
  </datafield>
  <datafield tag="653" ind1="1" ind2="0">
    <subfield code="a">Cat&#xE1;logo de exhibici&#xF3;n</subfield>
  </datafield>
  <datafield tag="653" ind1="1" ind2="0">
    <subfield code="a">Exhibiciones</subfield>
  </datafield>
  <datafield tag="653" ind1="1" ind2="0">
    <subfield code="a">Instalaciones</subfield>
  </datafield>
  <datafield tag="700" ind1="1" ind2=" ">
    <subfield code="a">L&#xF3;pez Anaya, Jorge.</subfield>
    <subfield code="e">curador.</subfield>
    <subfield code="9">2948</subfield>
  </datafield>
  <datafield tag="700" ind1="1" ind2=" ">
    <subfield code="a">Verlichak, Victoria.</subfield>
    <subfield code="e">curadora.</subfield>
    <subfield code="9">5528</subfield>
  </datafield>
  <datafield tag="999" ind1=" " ind2=" ">
    <subfield code="c">1055</subfield>
    <subfield code="d">1055</subfield>
  </datafield>
  <datafield tag="952" ind1=" " ind2=" ">
    <subfield code="0">0</subfield>
    <subfield code="1">0</subfield>
    <subfield code="2">ddc</subfield>
    <subfield code="4">0</subfield>
    <subfield code="7">0</subfield>
    <subfield code="a">LV</subfield>
    <subfield code="b">LV</subfield>
    <subfield code="c">Monograf&#xED;as</subfield>
    <subfield code="d">2016-09-24</subfield>
    <subfield code="l">0</subfield>
    <subfield code="o">708 M337e</subfield>
    <subfield code="p">001038</subfield>
    <subfield code="r">2016-09-24 00:00:00</subfield>
    <subfield code="w">2016-09-24</subfield>
    <subfield code="y">01</subfield>
  </datafield>
</record>
